| 000 | 00613nam a2200229 a 4500 | ||
|---|---|---|---|
| 008 | |||
| 020 | _a0201546981 (pbk.) | ||
| 049 | _aMAIN | ||
| 090 | _aHB172 | ||
| 100 | 1 | _aParkin, Michael | |
| 245 | 1 | 0 |
_aMicroeconomics / _cMichael Parkin. |
| 250 | _a2nd ed. | ||
| 260 |
_aReading : _bAddison-Wesley, _cc1993. |
||
| 300 |
_axxx, 655 p. : _bill. (some col.) ; _c26 cm. |
||
| 500 | _aIncludes index. | ||
| 650 | 0 | _aMacroeconomics. | |
| 907 |
_a.b10035291 _b19-01-06 _c17-04-03 |
||
| 003 | |||
| 005 | 20230123133828.0 | ||
| 040 | _cNUST | ||
| 942 |
_cBOOKS _kHB172 |
||
| 999 |
_c155339 _d155339 |
||